000 00619nam a22001697a 4500
005 20260219121842.0
008 260219b |||||||| |||| 00| 0 eng d
020 _a9789393875006
040 _cVITAP
082 _223
_a070.44 NAM
100 _aNambath, Suresh Ed.
_917152
245 _aThe Hindu Book of Editorials 2020
_b: A Curated Selection
_c/ Suresh Nambath Ed.
260 _aChennai
_bTHG Publishing Pvt Ltd
_c2023
300 _a336p, 21cm
650 0 _aIndian Politics & Governance, COVID-19 Pandemic, Indian Economy, International Relations, Social Issues, Environment & Climate etc.
_917153
942 _2ddc
_cREF
999 _c47305
_d47305